Catálogo
 En Linea

El Cubismo : (Registro nro. 42891)

Detalles MARC
000 -CABECERA
campo de control de longitud fija 00804nam a2200229 a 4500
001 - NÚMERO DE CONTROL
campo de control 000043402
005 - FECHA Y HORA DE LA ÚLTIMA TRANSACCIÓN
campo de control 20201002040901.0
008 - DATOS DE LONGITUD FIJA--INFORMACIÓN GENERAL
campo de control de longitud fija 140314s1993 sp a 001 0 spa d
020 ## - NÚMERO INTERNACIONAL ESTÁNDAR DEL LIBRO
Número Internacional Estándar del Libro 8420671231
040 ## - FUENTE DE LA CATALOGACIÓN
Centro catalogador/agencia de origen DO-SdBNP
Lengua de catalogación spa
Centro/agencia transcriptor BNPHU
041 17 - CÓDIGO DE LENGUA
Código de lengua del texto/banda sonora o título independiente spa
Código de lengua original eng
082 ## - NÚMERO DE LA CLASIFICACIÓN DECIMAL DEWEY
Número de clasificación xxx
Número de documento/Ítem xxx
100 1# - ENTRADA PRINCIPAL--NOMBRE DE PERSONA
Nombre de persona Golding, John
9 (RLIN) 71062
240 10 - TÍTULO UNIFORME
Título uniforme Cubism. a history and an analysis, 1907-1914.
Lenguaje de la obra Español
245 13 - MENCIÓN DE TÍTULO
Título El Cubismo :
Resto del título una historia y un análisis, 1907-1914 /
Mención de responsabilidad, etc. John Golding ; versión española de Adolfo Góméz Cedillo.
260 ## - PUBLICACIÓN, DISTRIBUCIÓN, ETC.
Lugar de publicación, distribución, etc. Madrid :
Nombre del editor, distribuidor, etc. Alianza Editorial,
Fecha de publicación, distribución, etc. 1993.
300 ## - DESCRIPCIÓN FÍSICA
Extensión 199 p. :
Otras características físicas il.
490 1# - MENCIÓN DE SERIE
Mención de serie Alianza forma
Designación de volumen o secuencia 123
500 ## - NOTA GENERAL
Nota general Incluye referencias bibliográficas y notas al pie de las páginas
504 ## - NOTA DE BIBLIOGRAFÍA, ETC.
Nota de bibliografía, etc. Bibliografía : p. [177]-186
830 #0 - PUNTO DE ACCESO ADICIONAL DE SERIE-TÍTULO UNIFORME
Título uniforme Alianza forma ;
Número de parte o sección de la obra 123
9 (RLIN) 71063
Existencias
Estado de retiro Estado de pérdida Restricciones de uso No para préstamo Código de colección Localización permanente Ubicación/localización actual Ubicación en estantería Fecha de adquisición Número de inventario Total de préstamos Signatura topográfica completa Código de barras Fecha visto por última vez Precio válido a partir de Tipo de ítem Koha
      Excluido de préstamo Monografías: Libros y Folletos General General En catalogación 14.03.2014 LF1   xxx xxx 43402-10 25.06.2020 25.06.2020 No se presta

Con tecnología Koha